Équipe de France - Euro 2021 - Statistiques

Statistiques générales
  • Ce quiz a été pris 688 fois
  • Le résultat moyen est 22 sur 26
Statistiques - réponses
Poste Club Joueur % Correct
Gardien Tottenham Hotspur Hugo Lloris
100%
Attaquant Paris Saint-Germain Kylian Mbappé
96%
Gardien Olympique de Marseille Steve Mandanda
96%
Attaquant FC Barcelone Antoine Griezmann
95%
Milieu Manchester United Paul Pogba
93%
Défenseur Bayern Munich Benjamin Pavard
92%
Milieu Chelsea N'Golo Kanté
92%
Attaquant Real Madrid Karim Benzema
91%
Défenseur Real Madrid Raphaël Varane
91%
Gardien LOSC Lille Mike Maignan
90%
Attaquant FC Barcelone Ousmane Dembélé
90%
Attaquant Bayern Munich Kingsley Coman
89%
Milieu Juventus Turin Adrien Rabiot
87%
Défenseur FC Séville Jules Koundé
87%
Défenseur Paris Saint-Germain Presnel Kimpembe
87%
Défenseur Bayern Munich Lucas Hernandez
86%
Attaquant Chelsea Olivier Giroud
86%
Attaquant Borussia Mönchengladbach Marcus Thuram
82%
Milieu Atlético Madrid Thomas Lemar
80%
Défenseur Everton Lucas Digne
79%
Milieu Bayern Munich Corentin Tolisso
78%
Attaquant AS Monaco Wissam Ben Yedder
77%
Défenseur FC Barcelone Clément Lenglet
71%
Milieu Tottenham Hotpsur Moussa Sissoko
61%
Défenseur Olympique Lyonnais Léo Dubois
49%
Défenseur Chelsea Kurt Zouma
42%
Aucun quiz correspondant
Distribution des résultats
% des personnes avec chaque résultat
Percentile par nombre de réponses
Votre historique - résultats
Vous n’avez pas pris ce quiz